000 00598nam a22002297a 4500
003 BR-BrBNA
005 20230831133615.0
008 230831b bl.||||| |||| 00| 0 por d
020 _a8573035056
040 _aBR-BrBNA
_bpor
041 _apor
072 _aD10
100 _aGomes, Jorge Fornari.
245 _aA terceira competência:
_bum convite a revisão do seu modelo de gestão. /
260 _aRio de Janeiro:
_bQualitymark,
_c2004.
300 _a247 p.
650 _aADMINISTRAÇÃO
650 _aÉTICA
909 _a08/2023
_bSarah
942 _cBK
999 _c9938
_d9938